| 000 | 00570nmm a2200205 a 4500 | ||
|---|---|---|---|
| 003 | AR-BaBNM | ||
| 005 | 20251128202707.0 | ||
| 008 | 184019s1898 ||||||||||||||000 | spa|| | ||
| 040 | _cAR-BaBNM | ||
| 100 | 1 | _aSpencer, Herbert | |
| 245 | 1 | 0 | _aResumen sintético de los Principios de moral de Herbert Spencer |
| 260 |
_aParis ; México D.F. _bLibrería de la Vda. de Ch. Bouret _c1898 |
||
| 300 | 0 | _a212 p. | |
| 650 | 4 | _aPOSITIVISMO | |
| 650 | 4 | _aMORAL | |
| 653 | 0 | _aBENEFICENCIA | |
| 700 | 1 |
_aChávez, Ezequiel A. _eadaptador |
|
| 942 | _cBK | ||
| 998 | _cArchipretre | ||
| 999 |
_c153 _d153 |
||